00620nam a2200241Ia 4500008004000000082001500040100000600055245011200061260004100173300001400214440000700228650000900235650001400244650000900258650001300267650001100280650002500291650000700316650001200323650001600335650001800351650000900369210210b1988 xxu||||| |||| 00| 0 eng d a591.5 ILLU a- aILLUSTRATED ENCYCLOPAEDIA of wildlife. 52V: V27: Reptiles/Amphibians.bSquamata Lizards Worm Lizards Snakes aLondonbOrbis Publishing Ltd.,c1988 a1561-1620 a27 aWorm awildlife. aV27: aSquamata aSnakes aReptiles/Amphibians. aof aLizards aILLUSTRATED aENCYCLOPAEDIA a51V: